01123nac a22003011u 4500003000900000005001700009008004100026020001500067020001800082035001800100040004300118082002000161245009900181264003900280264001000319300004500329600005600374610004900430650004700479653001100526655001700537700004000554700002800594710004200622942001200664999001500676952013000691EG-ScBUE20221027133423.0221027t2002 nyua f 000 0beng d a3823855824 a9783823855828 a(DLC)13023999 aEG-ScBUEbengerdacEG-ScBUEdEG-ScBUE04a720.92222bREM00aRem Koolhaas/OMA /c[editor in chief, Paco Asensio ; editor and original texts. Aurora Cuito]. 1aNew York, N.Y. :bteNeues,c[2002] 4cc2002 a79 pages :bcolor illustrations ;c22 cm17aKoolhaas, RemxCriticism and interpretation.2BUEsh27aOffice for Metropolitan Architecture.2BUEsh 7aArchitecture, Moderny20th century.2BUEsh bENGARC vReading book1 aAsensio Cerver, Francisco,eeditor.1 aCuito, Aurora,eeditor.2 aOffice for Metropolitan Architecture. cBB2ddc c3158d3158 00102ddc40708BaccahaMAINbMAINc2NDd2007-03-25ePurchasel2o720.92 REMp000030471r2024-06-11 00:00:00s2010-09-27yBB